000 00431nam a2200193Ia 4500
008 210210b1914 xxu||||| |||| 00| 0 eng d
041 _aeng
082 _a828/312
100 _aJEANS (G E)
245 _aLife and letters of Cicero
260 _aLondon
_bMacmillan & Co. Ltd.
_c1914
650 _aof
650 _aLife
650 _aletters
650 _aCicero
650 _aand
690 _aBiography
906 _a016157
999 _c135567
_d135567